| 000 | 00623nam a22001937a 4500 | ||
|---|---|---|---|
| 003 | 0 | ||
| 005 | 20240321132051.0 | ||
| 008 | 240321b xxu||||| |||| 00| 0 eng d | ||
| 020 | _a978-1-3986-0610-4 | ||
| 050 |
_aHF 5719 _b.F67 2022 |
||
| 100 | _aForsyth, Patrick | ||
| 245 |
_aHow to write reports and proposals: create attention-grabbing documents that achieve your goals _cForsyth, Patrick |
||
| 260 |
_aUnited Kingdom _bKogan page limited _cC2022 |
||
| 300 |
_avii, 144p. _c20cm. |
||
| 500 | _aBusiness report writing. | ||
| 501 | _aProposal writing in business. | ||
| 501 | _aBusiness writing. | ||
| 942 |
_2lcc _cBK |
||
| 999 |
_c365934 _d365934 |
||